000 01397nam a22003254a 4500
001 ebr10057092
003 CaPaEBR
006 m u
007 cr cn|||||||||
008 010503s2002 caua sb 001 0 eng
010 _z 2001027817
020 _z0520228332 (cloth : alk. paper)
020 _z0520228340 (pbk. : alk. paper)
040 _aCaPaEBR
_cCaPaEBR
035 _a(OCoLC)191941574
050 1 4 _aJK2075.C22
_bV68 2002eb
082 0 4 _a324.2794/0154/09049
_221
245 0 0 _aVoting at the political fault line
_h[electronic resource] :
_bCalifornia's experiment with the blanket primary /
_cedited by Bruce E. Cain and Elisabeth R. Gerber.
260 _aBerkeley :
_bUniversity of California Press,
_cc2002.
300 _axi, 373 p. :
_bill.
500 _a"Published in association with the Institute of Governmental Studies."
504 _aIncludes bibliographical references and index.
533 _aElectronic reproduction.
_bPalo Alto, Calif. :
_cebrary,
_d2013.
_nAvailable via World Wide Web.
_nAccess may be limited to ebrary affiliated libraries.
650 0 _aPrimaries
_zCalifornia.
655 7 _aElectronic books.
_2local
700 1 _aCain, Bruce E.
700 1 _aGerber, Elisabeth R.,
_d1964-
710 2 _aebrary, Inc.
856 4 0 _uhttp://site.ebrary.com/lib/rucke/Doc?id=10057092
_zAn electronic book accessible through the World Wide Web; click to view
999 _c70531
_d70531